Managing for the Future The 1990s and Beyond

Saved in:
Bibliographic Details
Main Author: Drucker, Peter F.
Format: Book
Language:English
Published: New York Truman Talley Books 1993
Edition:1. ed.
Subjects:
Tags: Add Tag
No Tags, Be the first to tag this record!

MARC

LEADER 00000nam a2200000 4500
001 c014282
005 20221214082417.6
020 |a 0-452-26984-9 
041 0 |a eng 
044 |a US 
245 1 0 |a Managing for the Future  |b The 1990s and Beyond  |c Peter F. Drucker 
250 |a 1. ed. 
264 1 |a New York  |b Truman Talley Books  |c 1993 
300 |a 370 s. 
610 2 0 |a riadenie 
610 2 0 |a manažment 
610 2 0 |a organizácia 
610 2 0 |a manažment 
100 1 |a Drucker, Peter F.